000 00741nam a22002177a 4500
999 _c6793
_d6793
003 AR-CdUCM
008 190319b ||||| |||| 00| 0 spa d
040 _aMUNICIPALIDAD PROVINCIAL DEL CUSCO
_cBIBLIOTECA MUNICIPAL DEL CUSCO
082 _a501 /
_bSE48
100 _aSerratosa, Felix
_919128
245 _aKhymós /
260 _aMadrid :
_bAlhambra,
_c1969.
300 _a244 paginas ;
_c20 cm.
440 _aColección Exedra ciencia técnica - ingeniería
_n50
_919129
505 _aClásico y no clásico -- Arte y ciencia -- Ciencia y religión -- Ciencia y técnica..
650 _aFilosofía de las ciencias
_919130
650 _aHistoria de la ciencia
_919131
650 _aCiencia
_92098
942 _2ddc
_cLIBROS
945 _awnts